1329 1204 1267 1733 1232 1752 1905 1721 1470 1966 1904 1391 1822 1080 1910 1964 1772 1115 1141 1834 1114 1563 1334 1461 1233 1220 1471 1972 1510 1276 1860 1658 1407 1671 1622 1922 1090 1754 1768 1227 1641 1138 1059 1405 1161 1989 1921 1652 1420 1876 1827 1778 1281 1341 1747 1049 1015 1500 1297 1644 1587 1480 1279 1837 1454 1743 1508 1198 1052 1838 1107 1186 1073 1198 1592 1830 1476 1688 1441 1455 1236 1176 1718 1534 1915 1569 1257 1144 1442 1703 1186 1213 1842 1416 1426 1177 1069 1406 1730 BCNSPRNW ULIB Ver.6.0+V

เปลี่ยนเป็นภาษาไทย

Change to English
 แสดงรายละเอียดบรรณานุกรม
  กลับหน้าหลัก

Brief Record : Get Marc (ISO 2709) : E-mail record : QR code < ปิดหน้าต่าง
LEADER : 00000nam 2200000uu 4500
001    13399126447
003     ULIB
008    180916s2559||||th 000 0 tha d
020    ^a9786162147234
050    ^aนว^bว177ห
100 0  ^aวรรณวรรธน์
245 10 ^aหนึ่งด้าวฟ้าเดียวกัน เล่ม 1/ ^cวรรณวรรธน์
250    ^aพิมพ์ครั้งที่ 9
260    ^aกรุงเทพฯ : ^bณ บ้านวรรณกรรม, ^c2559
300    ^a342 หน้า ;^c21 ซม
945    ^p0^l0^i26649
999    ^aกัณชพร จุลอักษร
รายการนี้ยังไม่มีแท็ก
คุณยังไม่ได้ล็อกอิน คุณสามารถมีกิจกรรมร่วมกับเว็บไซต์ได้ แต่ต้องล็อกอินก่อน ::
  ล็อกอิน

รายการสื่อสารสนเทศ

ลำดับที่ ประเภท เลขเรียก/บาร์โค้ด สถานที่ สถานะ
1. วิทยาศาสตร์การแพทย์ และสุขภาพ
วิทยาศาสตร์การแพทย์ และสุขภาพ
นว ว177ห ฉ.1 
  Barcode: 26649
ห้องสมุดวิทยาเขตนครสวรรค์
►หนังสือทั่วไป:l:General Books
บนชั้น

รายการใกล้เคียง
    ผู้แต่ง [วรรณวรรธน์]

BibComment


ยังไม่เคยถูกคอมเมนท์

คอมเมนท์ทรัพยากรรายการนี้
  คอมเมนท์: หนึ่งด้าวฟ้าเดีย..


 Copyright 2026. Bcnsprnw @Library